L'Univers dévoilé (notice n° 1564675)

détails MARC
000 -LEADER
fixed length control field 01629cam a2200133 4500500
005 - DATE AND TIME OF LATEST TRANSACTION
control field 20251130000154.0
041 ## - LANGUAGE CODE
Language code of text/sound track or separate title fre
042 ## - AUTHENTICATION CODE
Authentication code dc
100 10 - MAIN ENTRY--PERSONAL NAME
Personal name Lequeux, James
Relator term author
245 00 - TITLE STATEMENT
Title L'Univers dévoilé
260 ## - PUBLICATION, DISTRIBUTION, ETC.
Name of publisher, distributor, etc. EDP Sciences,<br/>
Date of publication, distribution, etc. 2005.<br/>
520 ## - SUMMARY, ETC.
Summary, etc. Notre conception actuelle de l’Univers n’a plus guère à voir avec celle que l’on en avait il y a cent ans. Bien qu’il n’existe pas encore de réponse à certaines questions fondamentales, comme la nature de la matière noire ou l’existence de la vie ailleurs que sur la Terre, les progrès récents de l’astronomie ont été si spectaculaires que l’essentiel de l’Univers nous est aujourd’hui dévoilé. Ce sont l’histoire et les moyens de ces progrès que décrit ce livre sous une forme simple et vivante, mais sans sacrifier la rigueur scientifique. Le premier chapitre couvre les années 1910 à 1950, et le second nous amène à 1970. Ensuite, le rythme des découvertes s’accélère tant que les trois décennies suivantes qui ont vu se développer puissamment les techniques d’observation au sol et dans l’espace nécessite chacune un chapitre entier. L’ouvrage se termine par un exposé détaillé de l’état actuel de nos connaissances, avec quelques projections vers le futur. Un grand nombre d’illustrations, des encadrés, un glossaire, une table des sigles et de nombreuses références à des articles de recherche agrémentent et complètent la lecture, et peuvent stimuler des approfondissements.  
856 41 - ELECTRONIC LOCATION AND ACCESS
Uniform Resource Identifier <a href="https://stm.cairn.info/l-univers-devoile--9782868837929?lang=fr&redirect-ssocas=7080">https://stm.cairn.info/l-univers-devoile--9782868837929?lang=fr&redirect-ssocas=7080</a>

Pas d'exemplaire disponible.

PLUDOC

PLUDOC est la plateforme unique et centralisée de gestion des bibliothèques physiques et numériques de Guinée administré par le CEDUST. Elle est la plus grande base de données de ressources documentaires pour les Étudiants, Enseignants chercheurs et Chercheurs de Guinée.

Adresse

627 919 101/664 919 101

25 boulevard du commerce
Kaloum, Conakry, Guinée

Réseaux sociaux

Powered by Netsen Group @ 2025